[Event "FIDE Grand Prix - Terza tappa"]
[Site "Berlino"]
[Date "25.03.2022"]
[Round "4C"]
[White "Vachier Lagrave,M"]
[Black "Predke,A"]
[Result "1-0"]
[WhiteElo "2761"]
[BlackElo "2682"]
[EventDate "2022.03.21"]

1. e4 e5 2. Nf3 Nc6 3. Bb5 a6 4. Ba4 Nf6 5. O-O Be7 6. Re1 b5 7. Bb3 d6 8.
c3 O-O 9. h3 Re8 10. d4 Bb7 11. a3 h6 12. Ba2 Qd7 13. d5 Na7 14. b3 c6 15.
c4 Nc8 16. Nc3 Bd8 17. Be3 Ne7 18. Rc1 cxd5 19. cxd5 Bc8 20. Nh4 Qb7 21.
Qd2 Kh7 22. f4 Ng6 23. Nxg6 fxg6 24. Bb1 Bb6 25. Kh2 Bxe3 26. Qxe3 exf4 27.
Qxf4 Re5 28. Ne2 Bd7 29. Nd4 g5 30. Qf2 g4 31. h4 g3+ 32. Kxg3 Rf8 33. Nf3
Be8 34. Rf1 Bg6 35. Nxe5 Nh5+ 36. Kh2 Rxf2 37. Nxg6 Rb2 38. Nf8+ Kg8 39.
Ne6 Rxb1 40. Rxb1 Qe7 41. Kh3 Qa7 42. Rf3 1-0

[Event "FIDE Grand Prix - Terza tappa"]
[Site "Berlino"]
[Date "25.03.2022"]
[Round "4D"]
[White "Yu Yangyi"]
[Black "Giri,A"]
[Result "1/2-1/2"]
[WhiteElo "2713"]
[BlackElo "2771"]
[EventDate "2022.03.21"]

1. d4 Nf6 2. c4 g6 3. Nc3 d5 4. Nf3 Bg7 5. Qb3 dxc4 6. Qxc4 O-O 7. e4 a6 8.
e5 b5 9. Qb3 Nfd7 10. Ng5 Nb6 11. Be3 Nc6 12. Rd1 Na5 13. Qc2 Nac4 14. Bc1
f6 15. Nge4 Bf5 16. Be2 Qc8 17. f4 c5 18. dxc5 Qxc5 19. g4 Bxe4 20. Nxe4
Qc6 21. Bf3 Nxe5 22. Qb3+ Nec4 23. Nd6 Qc5 24. Bxa8 exd6 25. Bf3 f5 26. g5
Re8+ 27. Kf1 Kf8 28. Kg2 Ne3+ 29. Bxe3 Rxe3 30. Rd3 Nc4 31. Rxe3 Nxe3+ 32.
Kg3 Nc4 33. Qd3 Bxb2 34. Qd5 Qe3 35. Rd1 Bc3 36. Qa8+ Ke7 37. Qb7+ Kd8 38.
Qb8+ Kd7 39. Qb7+ Kd8 40. Qb8+ 1/2-1/2

[Event "FIDE Grand Prix - Terza tappa"]
[Site "Berlino"]
[Date "25.03.2022"]
[Round "4D"]
[White "Tabatabaei,M"]
[Black "Vitiugov,N"]
[Result "1-0"]
[WhiteElo "2623"]
[BlackElo "2726"]
[EventDate "2022.03.21"]

1. d4 d5 2. c4 c6 3. Nf3 Nf6 4. e3 Bf5 5. Nc3 e6 6. Nh4 Be4 7. f3 Bg6 8.
Qb3 Qc7 9. Bd2 Be7 10. Nxg6 hxg6 11. O-O-O dxc4 12. Qxc4 a5 13. Kb1 a4 14.
Ne4 a3 15. b3 Nd5 16. Nf2 Nd7 17. e4 N5b6 18. Qc1 Rc8 19. h4 c5 20. dxc5
Bxc5 21. Nd3 Bd6 22. Qxc7 Rxc7 23. Be2 Nc8 24. Ne1 Ke7 25. Nc2 Na7 26. Bc1
b5 27. Nxa3 Rxc1+ 28. Rxc1 Bxa3 29. Rc7 Nc8 30. Bxb5 Ncb6 31. Rd1 Bd6 32.
Ra7 Rh5 33. Bxd7 Nxd7 34. a4 Rc5 35. b4 Rc7 36. Rxc7 Bxc7 37. Kb2 f5 38.
Rc1 Bf4 39. Rc2 fxe4 40. fxe4 Nf6 41. a5 Kd7 42. b5 Nxe4 43. b6 Be5+ 44.
Kb3 1-0

[Event "FIDE Grand Prix - Terza tappa"]
[Site "Berlino"]
[Date "27.03.2022"]
[Round "5A"]
[White "Aronian,L"]
[Black "Esipenko,A"]
[Result "1-0"]
[WhiteElo "2785"]
[BlackElo "2723"]
[EventDate "2022.03.21"]

1. d4 Nf6 2. c4 e6 3. Nf3 d5 4. Nc3 Bb4 5. e3 O-O 6. Bd2 b6 7. cxd5 exd5 8.
Bd3 Bb7 9. Qc2 Re8 10. a3 Bf8 11. Ng5 g6 12. h4 c5 13. h5 h6 14. hxg6 hxg5
15. gxf7+ Kxf7 16. Bg6+ Ke7 17. Qf5 Bg7 18. e4 Nc6 19. Bxe8 Qxe8 20. Nxd5+
Nxd5 21. Bxg5+ Kd6 22. Qxd5+ Kc7 23. Rh7 1-0

[Event "FIDE Grand Prix - Terza tappa"]
[Site "Berlino"]
[Date "27.03.2022"]
[Round "5B"]
[White "Dominguez,L"]
[Black "Mamedyarov,S"]
[Result "1/2-1/2"]
[WhiteElo "2756"]
[BlackElo "2776"]
[EventDate "2022.03.21"]

1. e4 e5 2. Nf3 Nc6 3. Bb5 a6 4. Ba4 Nf6 5. O-O Nxe4 6. d4 b5 7. Bb3 d5 8.
dxe5 Be6 9. Be3 Be7 10. c3 Na5 11. Nd4 O-O 12. Nd2 Nxd2 13. Qxd2 c5 14.
Nxe6 fxe6 15. Bc2 Nc4 16. Qd3 g6 17. Bh6 Rf7 18. Qh3 Bg5 19. Bxg5 Qxg5 20.
Qxe6 Qxe5 21. Qc6 Raf8 22. Qxc5 Nxb2 23. Bb3 Nc4 24. Rae1 Rc7 25. Rxe5 Rxc5
26. Bxc4 Rxc4 27. Rxd5 Rxc3 28. Rd2 Rfc8 29. g3 Rc2 30. Rfd1 Rxd2 31. Rxd2
Rc4 32. Rd3 Kf7 33. Kg2 Ke6 34. Ra3 Rc6 35. f4 Kd5 36. Kf3 h5 1/2-1/2

[Event "FIDE Grand Prix - Terza tappa"]
[Site "Berlino"]
[Date "27.03.2022"]
[Round "5B"]
[White "Dubov,D"]
[Black "Keymer,V"]
[Result "1/2-1/2"]
[WhiteElo "2711"]
[BlackElo "2655"]
[EventDate "2022.03.21"]

1. e4 e5 2. Nf3 Nc6 3. Bb5 a6 4. Ba4 Nf6 5. O-O Bc5 6. c3 b5 7. Bc2 d5 8.
d4 dxe4 9. Nbd2 exf3 10. Qxf3 Be7 11. Qxc6+ Bd7 12. Qf3 exd4 13. Ne4 O-O
14. Bg5 Re8 15. Rfe1 Rb8 16. Nxf6+ Bxf6 17. Rxe8+ Bxe8 18. Qf5 d3 19. Bxd3
Bxg5 20. Qxh7+ Kf8 21. Re1 f5 22. Bxf5 Rb6 23. Qh8+ Kf7 24. Bc2 c5 25. Qh3
Rh6 26. Qf5+ Kg8 27. Qxc5 Bg6 28. Bxg6 Rxg6 29. g3 Rd6 30. a4 Be7 31. axb5
axb5 32. Qxb5 g6 33. Qb7 Bf6 34. h4 Qd7 35. Qf3 Kg7 36. Kg2 Qf5 37. Re4
Qxf3+ 38. Kxf3 Rb6 39. Re2 Kf7 40. Kg4 Rd6 41. f4 Rd3 42. Re4 Rd5 43. Rb4
Be7 44. Rb7 Ke6 45. Rb6+ Kf7 46. b4 Rd3 47. c4 Rc3 48. c5 Bf6 49. Kh3 Bd4
50. Kg2 Rc4 51. Kf3 Bc3 52. Rb7+ Kf6 53. g4 Bxb4 54. g5+ Ke6 55. Kg4 Bd2
56. Rb6+ Kf7 57. Rf6+ Kg7 58. c6 Be3 1/2-1/2

[Event "FIDE Grand Prix - Terza tappa"]
[Site "Berlino"]
[Date "27.03.2022"]
[Round "5C"]
[White "Predke,A"]
[Black "Shankland,S"]
[Result "0-1"]
[WhiteElo "2682"]
[BlackElo "2704"]
[EventDate "2022.03.21"]

1. Nf3 c5 2. c4 Nf6 3. Nc3 d5 4. cxd5 Nxd5 5. b3 Nc6 6. Nxd5 Qxd5 7. e3 Bf5
8. Bc4 Qd7 9. Bb2 e6 10. O-O Bd3 11. Bxd3 Qxd3 12. Rc1 Rd8 13. b4 Qb5 14.
Ne5 cxb4 15. Nxc6 bxc6 16. Qc2 f6 17. d4 Rc8 18. Rfd1 Be7 19. e4 Kf7 20.
Qb3 Rhd8 21. Qh3 Qe2 22. Qb3 Qxe4 23. Re1 Qd5 24. Qh3 h5 25. Re2 Qf5 26.
Qb3 Qd5 27. Qh3 c5 28. Rce1 Rc6 29. f4 cxd4 30. f5 e5 31. Qxh5+ Kg8 32. Re4
Rc2 33. Bxd4 exd4 34. Qh3 Rc3 35. g3 Bc5 36. Re8+ Rxe8 37. Rxe8+ Bf8 0-1

[Event "FIDE Grand Prix - Terza tappa"]
[Site "Berlino"]
[Date "27.03.2022"]
[Round "5D"]
[White "Tabatabaei,M"]
[Black "Yu Yangyi"]
[Result "1/2-1/2"]
[WhiteElo "2623"]
[BlackElo "2713"]
[EventDate "2022.03.21"]

1. d4 Nf6 2. c4 e6 3. Nc3 Bb4 4. Nf3 d5 5. a3 Bxc3+ 6. bxc3 c5 7. a4 Ne4 8.
e3 Nxc3 9. Qc2 cxd4 10. Nxd4 Ne4 11. cxd5 exd5 12. Bb5+ Bd7 13. Ba3 Qa5+
14. Ke2 Nc6 15. Bxc6 bxc6 16. Rhc1 c5 17. Bxc5 Rc8 18. Nb3 Qa6+ 19. Ke1
Nxc5 20. Nxc5 Qd6 21. Qc3 O-O 22. Qd4 Bf5 23. g3 Rc6 24. Rc3 h5 25. Rac1
Rfc8 26. a5 Bg4 27. Kd2 Qb8 28. Nd3 Rc4 29. Qxd5 Rxc3 30. Rxc3 Rd8 31. Qb3
Qa8 32. a6 Qh1 33. Rc5 Qf1 34. Rd5 Rc8 35. Rc5 Rd8 36. Rd5 Rc8 37. Rc5 Rxc5
38. Nxc5 Qxf2+ 39. Kd3 Qxh2 40. Qb8+ Kh7 41. Qxa7 Qe2+ 42. Kc3 Qxe3+ 43.
Kb4 Qe1+ 44. Kb5 Be2+ 45. Kc6 Bf3+ 46. Kb5 Qe2+ 47. Kb4 Qd2+ 48. Kb5 Qb2+
49. Kc4 Bc6 50. Nb3 Qc2+ 51. Kb4 Bd5 52. Nd4 Qc4+ 53. Ka5 Qc3+ 54. Ka4 Qxg3
55. Qd7 Qg2 56. Kb5 h4 57. a7 h3 58. Qf5+ g6 59. Qf6 h2 60. a8=Q Bxa8 61.
Qh4+ Kg8 62. Qd8+ Kh7 63. Qh4+ Kg7 64. Ne6+ fxe6 65. Qe7+ Kg8 66. Qe8+ Kh7
67. Qe7+ Kh6 68. Qh4+ Kg7 69. Qe7+ Kg8 1/2-1/2

[Event "FIDE Grand Prix - Terza tappa"]
[Site "Berlino"]
[Date "27.03.2022"]
[Round "5D"]
[White "Vitiugov,N"]
[Black "Giri,A"]
[Result "1/2-1/2"]
[WhiteElo "2726"]
[BlackElo "2771"]
[EventDate "2022.03.21"]

1. d4 d5 2. c4 e6 3. Nc3 Be7 4. Nf3 Nf6 5. Bg5 h6 6. Bxf6 Bxf6 7. e3 O-O 8.
Rc1 c6 9. h4 g6 10. Bd3 Bg7 11. O-O dxc4 12. Bxc4 Nd7 13. Ne4 b6 14. Nd6
Qe7 15. Nxc8 Raxc8 16. Ba6 Rc7 17. Qe2 Nb8 18. Bd3 c5 19. dxc5 Rxc5 20.
Rxc5 Qxc5 21. Rd1 Rd8 22. b3 Nc6 23. Be4 Rxd1+ 24. Qxd1 Ne5 25. Nxe5 Qxe5
26. Bd3 Qa1 27. Qxa1 Bxa1 28. g3 Bb2 29. a4 h5 30. Kf1 Kf8 1/2-1/2

[Event "FIDE Grand Prix - Terza tappa"]
[Site "Berlino"]
[Date "28.03.2022"]
[Round "6B"]
[White "Mamedyarov,S"]
[Black "Dubov,D"]
[Result "1/2-1/2"]
[WhiteElo "2776"]
[BlackElo "2711"]
[EventDate "2022.03.21"]

1. d4 Nf6 2. c4 g6 3. Nf3 Bg7 4. e3 O-O 5. Be2 d6 6. Nc3 a5 7. O-O Na6 8.
a3 Bf5 9. Qb3 Rb8 10. Nh4 Bd7 11. Nf3 Bf5 12. Nh4 Bd7 13. Nf3 1/2-1/2

[Event "FIDE Grand Prix - Terza tappa"]
[Site "Berlino"]
[Date "28.03.2022"]
[Round "6B"]
[White "Keymer,V"]
[Black "Dominguez,L"]
[Result "1-0"]
[WhiteElo "2655"]
[BlackElo "2756"]
[EventDate "2022.03.21"]

1. d4 d5 2. c4 dxc4 3. Nf3 Nf6 4. e3 e6 5. Bxc4 a6 6. O-O c5 7. Be2 cxd4 8.
Nxd4 Bd7 9. Nd2 Nc6 10. N4f3 Be7 11. b3 O-O 12. Bb2 b5 13. Qb1 h6 14. Rd1
Qb6 15. Ne4 Nd5 16. Ng3 Rfd8 17. Nh5 Bf8 18. Qe4 Nce7 19. Qg4 Ng6 20. Ne5
Nxe5 21. Bxe5 Nxe3 22. Bd4 Nxg4 23. Bxb6 Ne5 24. Bxd8 Rxd8 25. Rac1 Rc8 26.
Rxc8 Bxc8 27. f4 Nc6 28. Kf1 Nb4 29. Bf3 e5 30. Rd8 Be6 31. fxe5 Nxa2 32.
Nf4 Bxb3 33. Bd5 Bxd5 34. Nxd5 g6 35. Nc7 Nb4 36. e6 Nc6 37. Rc8 Ne7 38.
Ra8 h5 39. Ke2 Nf5 40. Kd3 b4 41. h3 Kg7 42. Ne8+ Kg8 43. g4 hxg4 44. hxg4
Nh6 45. g5 Nf5 46. e7 1-0

[Event "FIDE Grand Prix - Terza tappa"]
[Site "Berlino"]
[Date "28.03.2022"]
[Round "6C"]
[White "So,W"]
[Black "Predke,A"]
[Result "1/2-1/2"]
[WhiteElo "2778"]
[BlackElo "2682"]
[EventDate "2022.03.21"]

1. e4 e5 2. Nf3 Nc6 3. Bb5 a6 4. Ba4 Nf6 5. O-O Be7 6. Re1 b5 7. Bb3 d6 8.
c3 O-O 9. h3 Re8 10. d4 Bb7 11. Nbd2 Bf8 12. a4 h6 13. Bc2 Nb8 14. Bd3 Nbd7
15. axb5 exd4 16. cxd4 axb5 17. Rxa8 Qxa8 18. Bxb5 Bxe4 19. Nxe4 Rxe4 20.
Be3 Nb6 21. Qc2 Re7 22. Bc6 Qa2 23. Rc1 Nfd5 24. Bd2 Re6 25. b3 Qa6 26. b4
Qa3 27. Rb1 Be7 28. Rb3 Qa1+ 29. Rb1 Qa3 30. Bb5 Bf6 31. Kh2 Re7 32. h4 Qa8
33. Bc6 Qc8 34. Qd3 Qg4 35. g3 g5 36. hxg5 hxg5 37. Ra1 Qe4 38. Qxe4 Rxe4
39. Ra5 g4 40. Bxd5 Nxd5 41. Rxd5 gxf3 42. Be3 Kf8 43. b5 Ke7 44. b6 cxb6
45. Rb5 Bxd4 46. Rb4 Rxe3 47. fxe3 Bc5 48. Re4+ Kd7 49. Rf4 Ke6 50. g4
1/2-1/2

[Event "FIDE Grand Prix - Terza tappa"]
[Site "Berlino"]
[Date "28.03.2022"]
[Round "6C"]
[White "Shankland,S"]
[Black "Vachier Lagrave,M"]
[Result "1/2-1/2"]
[WhiteElo "2704"]
[BlackElo "2761"]
[EventDate "2022.03.21"]

1. d4 Nf6 2. c4 g6 3. Nc3 d5 4. Nf3 Bg7 5. Qb3 dxc4 6. Qxc4 O-O 7. e4 a6 8.
e5 b5 9. Qb3 Nfd7 10. e6 fxe6 11. Qxe6+ Kh8 12. Qe4 Nb6 13. Be3 Bf5 14. Qh4
Nc6 15. g4 e5 16. Ng5 h6 17. gxf5 exd4 18. O-O-O Qe7 19. Bg2 dxe3 20. Bxc6
Rab8 21. Nf3 Qc5 22. Rhg1 exf2 23. Rxg6 Rbd8 24. Qxh6+ Bxh6+ 25. Rxh6+ Kg7
26. Rg6+ Kh8 27. Rh6+ Kg7 28. Rg6+ Kh8 29. Rh6+ 1/2-1/2

[Event "FIDE Grand Prix - Terza tappa"]
[Site "Berlino"]
[Date "28.03.2022"]
[Round "6D"]
[White "Yu Yangyi"]
[Black "Vitiugov,N"]
[Result "1/2-1/2"]
[WhiteElo "2713"]
[BlackElo "2726"]
[EventDate "2022.03.21"]

1. e4 e5 2. Nf3 Nc6 3. Bb5 a6 4. Ba4 Nf6 5. O-O Be7 6. Re1 b5 7. Bb3 O-O 8.
a4 b4 9. d3 d6 10. c3 Rb8 11. Nbd2 Na5 12. Ba2 c5 13. Nc4 Nc6 14. d4 cxd4
15. cxd4 exd4 16. Nxd4 Nxd4 17. Qxd4 Be6 18. Ne3 b3 19. Bb1 Re8 20. Bd3 Qa5
21. Rd1 Rb4 22. Bd2 Rxd4 23. Bxa5 Nxe4 24. Bb6 Rb4 25. Ba5 Rd4 26. Bb6 Rb4
27. Ba5 Rd4 28. Bb6 1/2-1/2

[Event "FIDE Grand Prix - Terza tappa - Tie Break"]
[Site "Berlino"]
[Date "29.03.2022"]
[Round "TB1"]
[White "Mamedyarov,S"]
[Black "Keymer,V"]
[Result "1-0"]
[WhiteTitle ""]
[BlackTitle ""]
[WhiteElo "2776"]
[BlackElo "2655"]
[WhiteFideId "13401319"]
[BlackFideId "12940690"]
[EventDate "29.03.2022"]

1. d4 Nf6 2. c4 e6 3. g3 Bb4+ 4. Nd2 d5 5. Bg2 O-O 6. Nf3 dxc4 7. Qc2 a5 8. a3
Bxd2+ 9. Bxd2 b5 10. a4 c6 11. h4 h6 12. g4 Nxg4 13. Ne5 f5 14. Nxg4 fxg4 15.
axb5 Qf6 16. O-O-O Bd7 17. Rhg1 Ra7 18. b6 Ra6 19. Be4 Qxh4 20. f3 g3 21. Rh1
Qe7 22. Rdg1 Rf6 23. Rxg3 Kf8 24. Rhg1 Rxb6 25. Bxa5 Rb5 26. Rxg7 Qxg7 27. Rxg7
Kxg7 28. Bc7 Be8 29. Be5 Nd7 30. Bxc6 Nxe5 31. Bxe8 Nd3+ 32. exd3 Rg5 33. Qxc4
Rxf3 34. Qxe6 Rf2 35. Kb1 Rgg2 36. Qe7+ Kh8 37. Qb7 1-0

[Event "FIDE Grand Prix - Terza tappa - Tie Break"]
[Site "Berlino"]
[Date "29.03.2022"]
[Round "TB2"]
[White "Keymer,V"]
[Black "Mamedyarov,S"]
[Result "1-0"]
[WhiteTitle ""]
[BlackTitle ""]
[WhiteElo "2655"]
[BlackElo "2776"]
[WhiteFideId "12940690"]
[BlackFideId "13401319"]
[EventDate "29.03.2022"]

1. Nf3 Nf6 2. c4 e6 3. d4 d5 4. Nc3 c6 5. Bg5 dxc4 6. e4 b5 7. e5 h6 8. Bh4 g5
9. Nxg5 hxg5 10. Bxg5 Nbd7 11. exf6 Bb7 12. h4 Nxf6 13. Qf3 Be7 14. Be2 Nd5 15.
Bxe7 Qxe7 16. Nxd5 cxd5 17. h5 O-O-O 18. Qe3 f6 19. O-O-O e5 20. f4 Rde8 21.
Rhe1 Kb8 22. g4 exf4 23. Qxf4+ Qc7 24. Qxc7+ Kxc7 25. Bf3 Rxe1 26. Rxe1 Kd6 27.
a3 a5 28. Kd2 Bc8 29. Rg1 Be6 30. Ke3 Ke7 31. Kf4 b4 32. axb4 axb4 33. Ra1 Rc8
34. Ra7+ Kf8 35. h6 Kg8 36. Bd1 c3 37. bxc3 Rxc3 38. Re7 Rd3 39. Re8+ Kf7 40. h7 1-0

[Event "FIDE Grand Prix - Terza tappa - Tie Break"]
[Site "Berlino"]
[Date "29.03.2022"]
[Round "TB1"]
[White "Shankland,S"]
[Black "So,W"]
[Result "0-1"]
[WhiteTitle ""]
[BlackTitle ""]
[WhiteElo "2704"]
[BlackElo "2778"]
[WhiteFideId "2004887"]
[BlackFideId "5202213"]
[EventDate "29.03.2022"]

1. d4 Nf6 2. c4 e6 3. Nf3 d5 4. g3 Be7 5. Bg2 O-O 6. O-O dxc4 7. Qc2 a6 8. a4
Bd7 9. Qxc4 Bc6 10. Bg5 Nbd7 11. Nc3 h6 12. Bd2 a5 13. Qd3 Bb4 14. Rfe1 Re8 15.
Qc2 Bxf3 16. Bxf3 c6 17. Red1 Qe7 18. Be3 Rac8 19. Na2 Bd6 20. Bd2 Bc7 21. Nc3
Bd6 22. e4 e5 23. Ne2 Bb4 24. Be3 Rcd8 25. h3 exd4 26. Nxd4 Qc5 27. Qb3 Qf8 28.
Qc2 Nc5 29. Nf5 Rxd1+ 30. Rxd1 Ncxe4 31. Bd4 g6 32. Ne3 h5 33. Nc4 Qe7 34. Bg2
Bc5 35. Bxf6 Nxf6 36. Nxa5 Qe2 37. Qxe2 Rxe2 38. Nxb7 Bxf2+ 39. Kf1 Rxb2 40.
Bxc6 Bxg3 41. a5 Rf2+ 42. Kg1 Ra2 43. Rf1 Kg7 44. Bb5 Bh2+ 45. Kh1 Ne4 46. Rxf7+
Kh6 47. Rf3 Ng3+ 48. Rxg3 Bxg3 49. a6 Kg5 50. Nc5 Kh4 51. Bf1 Bb8 52. Ne4 Ba7
53. Nc3 Rf2 54. Bg2 Rc2 0-1

[Event "FIDE Grand Prix - Terza tappa - Tie Break"]
[Site "Berlino"]
[Date "29.03.2022"]
[Round "TB2"]
[White "So,W"]
[Black "Shankland,S"]
[Result "1/2-1/2"]
[WhiteTitle ""]
[BlackTitle ""]
[WhiteElo "2778"]
[BlackElo "2704"]
[WhiteFideId "5202213"]
[BlackFideId "2004887"]
[EventDate "29.03.2022"]

1. d4 Nf6 2. c4 e6 3. Nc3 d5 4. Bg5 c6 5. cxd5 exd5 6. e3 Bd6 7. Bd3 O-O 8. Nf3
Re8 9. O-O Bg4 10. Qb3 Na6 11. a3 Rb8 12. Ne5 Bxe5 13. dxe5 Rxe5 14. Bf4 Nc5 15.
Qc2 Rh5 16. Bxb8 Qxb8 17. f4 Qd8 18. b4 Nxd3 19. Qxd3 Bf5 20. Qd4 b6 21. Rae1
Qe7 22. Qe5 Qd8 23. Qd4 Ne4 24. Nxe4 Bxe4 25. f5 Qh4 26. Qe5 h6 27. Re2 Bd3 28.
Ref2 Bxf1 29. Rxf1 Kh7 30. h3 Rg5 31. Kh2 Qc4 32. Rf2 c5 33. bxc5 bxc5 34. g4
Qd3 35. Qf4 Qd1 36. Rg2 Qe1 37. Qg3 Qxg3+ 38. Kxg3 h5 39. Kf4 f6 40. Rd2 d4 1/2-1/2

[Event "FIDE Grand Prix - Terza tappa - Tie Break"]
[Site "Berlino"]
[Date "29.03.2022"]
[Round "TB4"]
[White "Mamedyarov,S"]
[Black "Keymer,V"]
[Result "1-0"]
[WhiteTitle ""]
[BlackTitle ""]
[WhiteElo "2776"]
[BlackElo "2655"]
[WhiteFideId "13401319"]
[BlackFideId "12940690"]
[EventDate "29.03.2022"]

1. d4 Nf6 2. c4 e6 3. g3 d5 4. Bg2 Bb4+ 5. Nd2 O-O 6. Nf3 b6 7. O-O Bb7 8. b3
Nbd7 9. Bb2 Rc8 10. Ne5 Nxe5 11. dxe5 Nd7 12. cxd5 exd5 13. a3 Be7 14. Nc4 c6
15. Ne3 Re8 16. Nf5 Bf8 17. f4 f6 18. e4 g6 19. Qg4 fxe5 20. fxe5 Nxe5 21. Qf4
Bc5+ 22. Kh1 d4 23. b4 gxf5 24. bxc5 Nd3 25. Qh6 Nxb2 26. Rxf5 Rc7 27. e5 Rg7
28. Raf1 Nc4 29. e6 Bc8 30. Rf7 1-0

[Event "FIDE Grand Prix - Semifinali"]
[Site "Berlino"]
[Date "30.03.2022"]
[Round "S1B"]
[White "So, Wesley"]
[Black "Tabatabaei, M. Amin"]
[Result "1-0"]
[WhiteTitle ""]
[BlackTitle ""]
[WhiteElo "2778"]
[BlackElo "2623"]
[WhiteFideId "5202213"]
[BlackFideId "12521213"]
[EventDate "30.03.2022"]

1. d4 Nf6 2. c4 e6 3. Nc3 d5 4. cxd5 exd5 5. Bg5 c6 6. Qc2 h6 7. Bh4 Be6 8. e3
Nbd7 9. f3 Bd6 10. Bd3 c5 11. Nge2 c4 12. Bf5 O-O 13. O-O Qe8 14. Bxe6 fxe6 15.
a4 a6 16. b3 Rc8 17. Rab1 Bb4 18. Be1 Nb6 19. Qa2 Rf7 20. bxc4 Rxc4 21. a5 Bxc3
22. Nxc3 Na4 23. Nxa4 Rxa4 24. Qd2 Rc7 25. Bg3 Rc6 26. Rxb7 Qg6 27. Rc7 Rxc7 28.
Bxc7 Rc4 29. Rc1 Qe8 30. Bg3 Qb5 31. Rxc4 dxc4 32. e4 Qb3 33. Be1 Ne8 34. d5
exd5 35. Qxd5+ Kh7 36. Qf5+ Kg8 37. Qd5+ Kh7 38. Qf5+ Kg8 39. Qe6+ Kf8 40. h4
Qd1 41. Kf2 Qd4+ 42. Kg3 c3 43. Bf2 1-0

[Event "FIDE Grand Prix - Semifinali"]
[Site "Berlino"]
[Date "01.04.2022"]
[Round "S2B"]
[White "Tabatabaei, M. Amin"]
[Black "So, Wesley"]
[Result "1-0"]
[WhiteTitle "GM"]
[BlackTitle "GM"]
[WhiteElo "2623"]
[BlackElo "2778"]
[WhiteFideId "12521213"]
[BlackFideId "5202213"]
[EventDate "2022.03.30"]

1. d4 Nf6 2. c4 e6 3. Nc3 Bb4 4. Nf3 O-O 5. a3 Bxc3+ 6. bxc3 c5 7. g3 b6 8. Bg2
Bb7 9. d5 d6 10. O-O Qe7 11. Nh4 Nbd7 12. Re1 Ne5 13. e4 Nxc4 14. Bf1 Ne5 15. c4
Ng6 16. Ng2 b5 17. cxb5 exd5 18. exd5 Qd7 19. Ne3 Rfe8 20. Bb2 Nxd5 21. Nxd5
Rxe1 22. Qxe1 Bxd5 23. Rd1 Nh4 24. Rd3 Qg4 25. Qc3 Be4 26. Be2 Qg5 27. Rxd6 Nf5
28. Qe5 Qe7 29. Qxe7 Nxe7 30. a4 1-0

[Event "FIDE Grand Prix - Semifinali"]
[Site "Berlino"]
[Date "01.04.2022"]
[Round "TB1"]
[White "Tabatabaei, M. Amin"]
[Black "So, Wesley"]
[Result "0-1"]
[WhiteTitle "GM"]
[BlackTitle "GM"]
[WhiteElo "2623"]
[BlackElo "2778"]
[WhiteFideId "12521213"]
[BlackFideId "5202213"]
[EventDate "2022.03.30"]

1. d4 Nf6 2. Nc3 d5 3. Bf4 c5 4. e4 cxd4 5. Qxd4 Nc6 6. Bb5 a6 7. Bxc6+ bxc6 8.
e5 Ng8 9. O-O-O e6 10. Ne4 Bd7 11. Nd6+ Bxd6 12. exd6 f6 13. Nf3 Rb8 14. Rhe1
Qb6 15. Qxb6 Rxb6 16. Be3 Rb8 17. c4 Kf7 18. Rd3 Nh6 19. Ra3 Nf5 20. Bc5 h5 21.
Rxa6 Ra8 22. Rxa8 Rxa8 23. Kb1 e5 24. h3 h4 25. b3 Ke6 26. Kb2 g5 27. Re2 Be8
28. a4 dxc4 29. Rd2 cxb3 30. Kxb3 Kd7 31. Bb6 Nxd6 32. a5 Bf7+ 33. Kb4 Bd5 34.
Rc2 Nc8 35. Rb2 Nxb6 36. axb6 Ra6 37. Kc3 Kc8 38. Nh2 f5 39. Nf1 Kb7 40. Ne3 Be6
41. Rd2 Rxb6 42. Rd8 Kc7 43. Rf8 f4 44. Nc2 Rb3+ 45. Kd2 Kd6 46. Rf6 Ke7 47. Rh6
c5 48. Rh7+ Bf7 49. Ne1 Rb2+ 50. Kc3 Rxf2 51. Nd3 Re2 52. Nxc5 Kf6 53. Nd7+ Ke6
54. Nc5+ Kd5 55. Nd7 Be6 56. Nf6+ Kc6 57. Re7 Bf5 58. Ne8 Rc2+ 59. Kb4 Rxg2 60.
Rc7+ Kd5 61. Rc5+ Kd4 62. Rc4+ Ke3 63. Nf6 Bd3 0-1

[Event "FIDE Grand Prix - Semifinali"]
[Site "Berlino"]
[Date "01.04.2022"]
[Round "TB2"]
[White "So, Wesley"]
[Black "Tabatabaei, M. Amin"]
[Result "1-0"]
[WhiteTitle "GM"]
[BlackTitle "GM"]
[WhiteElo "2778"]
[BlackElo "2623"]
[WhiteFideId "5202213"]
[BlackFideId "12521213"]
[EventDate "2022.03.30"]

1. d4 Nf6 2. c4 g6 3. Nc3 Bg7 4. e4 d6 5. Nf3 O-O 6. Be2 Nbd7 7. O-O e5 8. Be3
c6 9. d5 c5 10. Nd2 Kh8 11. g4 Ng8 12. Nf3 Nb6 13. h3 f5 14. gxf5 gxf5 15. exf5
Bxf5 16. Ng5 Bh6 17. Qd2 Qd7 18. Kh1 Bxg5 19. Bxg5 Bxh3 20. Rg1 Rxf2 21. Qe3
Raf8 22. Ne4 Nxc4 23. Bxc4 R2f3 24. Bf6+ R3xf6 25. Nxf6 Rxf6 26. Rg3 Bg4 27. Rf1
Rxf1+ 28. Bxf1 Nf6 29. Kg1 Qf5 30. Qh6 Ne4 31. Rg2 Qf6 32. Qxf6+ Nxf6 33. Rg3 h5
34. Ra3 a6 35. Rb3 b5 36. Ra3 Bc8 37. Bxb5 axb5 38. Ra8 Kg7 39. Rxc8 Kf7 40. Rb8
b4 41. a4 bxa3 42. bxa3 Nxd5 43. a4 Ke7 44. a5 Nb4 45. Rb6 Kd7 46. a6 Nd5 47.
Rb8 1-0